| 000 | 00760cam a22002175a 4500 | ||
|---|---|---|---|
| 999 |
_c26880 _d26852 |
||
| 005 | 20190525095036.0 | ||
| 008 | 110802t2012 nyua frb 001 0 eng d | ||
| 020 | _a9780415888387 | ||
| 040 |
_aDLC _beng _cDLC _dDLC _dEG-ScBUE _dEG-ScBUE |
||
| 082 | 0 | 4 |
_a720.1 _bINT _222 |
| 245 | 0 | 0 |
_aIntroducing architectural theory : _bdebating a discipline / _cedited by Korydon Smith. |
| 246 | 3 | 0 | _aDebating a discipline |
| 260 |
_aNew York : _bRoutledge / Taylor & Francis Group, _cc.2012. |
||
| 300 |
_axix, 423 p. : _bill. ; _c24 cm. |
||
| 504 | _aIncludes bibliographical references and index. | ||
| 650 | 7 |
_aArchitecture _xPhilosophy. _2BUEsh _913087 |
|
| 651 | _2BUEsh | ||
| 653 |
_bENGARC _cOctober2018 |
||
| 700 | 1 |
_aSmith, Korydon H., _d1977- _eeditor. |
|
| 942 | _2ddc | ||